UBT Library

perspectives in plastic surgery. (Record no. 43399)

000 -LEADER
fixed length control field 00659ngm a22002295a 4500
001 - CONTROL NUMBER
control field 11623027
005 - DATE AND TIME OF LATEST TRANSACTION
control field 20180226034614.0
007 - PHYSICAL DESCRIPTION FIXED FIELD--GENERAL INFORMATION
fixed length control field v| ||||||
008 - FIXED-LENGTH DATA ELEMENTS--GENERAL INFORMATION
fixed length control field 930831s1992 xxu vleng
010 ## - LIBRARY OF CONGRESS CONTROL NUMBER
LC control number 93512032
017 ## - COPYRIGHT OR LEGAL DEPOSIT NUMBER
Copyright or legal deposit number PA602-729
Assigning agency U.S. Copyright Office
040 ## - CATALOGING SOURCE
Original cataloging agency DLC
Transcribing agency DLC
Description conventions amim
041 ## - LANGUAGE CODE
Language code of text/sound track or separate title eng
080 ## - UNIVERSAL DECIMAL CLASSIFICATION NUMBER
Universal Decimal Classification number 617 FRI
082 ## - DEWEY DECIMAL CLASSIFICATION NUMBER
Edition number 617 FRI
100 ## - Rafti
Rafti 5
101 ## - Shkurtesa
Shkurtesa KIR
245 00 - TITLE STATEMENT
Title perspectives in plastic surgery.
Name of part/section of a work Primary rhinoplasty: malposition of the alar cartilages.
740 0# - ADDED ENTRY--UNCONTROLLED RELATED/ANALYTICAL TITLE
Uncontrolled related/analytical title Primary rhinoplasty: malposition of the alar cartilages.
906 ## - LOCAL DATA ELEMENT F, LDF (RLIN)
a 0
b ibc
c orignew
d u
e ncip
f 19
g y-movingim
942 ## - ADDED ENTRY ELEMENTS (KOHA)
Source of classification or shelving scheme
Item type Books
Holdings
Withdrawn status Lost status Source of classification or shelving scheme Damaged status Not for loan Collection code Permanent location Current location Shelving location Date acquired Total Checkouts Full call number Barcode Date last seen Price effective from Koha item type
          Koleksioni i përgjithshem UBT - Lipjan UBT - Lipjan Koleksioni i përgjithshem 02/26/2018   617 FRI 002-3000014 02/26/2018 02/26/2018 Books
          Koleksioni i përgjithshem UBT - Lipjan UBT - Lipjan Koleksioni i përgjithshem 02/26/2018   617 FRI 002-3000019 02/26/2018 02/26/2018 Books
UBT Library © 2015-2024. All rights reserved University Education for Business and Technology